|
|
|
|
| LEADER |
02004nam a2200553 a 4500 |
| 001 |
000922672 |
| 003 |
CZ BrMZK |
| 005 |
20250930101239.0 |
| 007 |
ta |
| 008 |
050208s2004 xr ac e 000 0 cze |
| 015 |
|
|
|a cnb001312329
|
| 020 |
|
|
|a 80-86275-20-5
|q (váz.)
|
| 035 |
|
|
|a (OCoLC)85126455
|
| 040 |
|
|
|a ABA001
|b cze
|d BOA001
|
| 041 |
0 |
|
|a cze
|b eng
|b ger
|
| 043 |
|
|
|a e-cs---
|a e-xr---
|
| 045 |
|
|
|a x3x4
|
| 072 |
|
7 |
|a 323
|x Vnitropolitický vývoj, politický život
|2 Konspekt
|9 15
|
| 080 |
|
|
|a 341.43(=411.16)
|2 MRF
|
| 080 |
|
|
|a 323.28
|2 MRF
|
| 080 |
|
|
|a 323.12"1939/1945"
|2 MRF
|
| 080 |
|
|
|a (=411.16)
|2 MRF
|
| 080 |
|
|
|a (437)
|2 MRF
|
| 080 |
|
|
|a (082)
|2 MRF
|
| 080 |
|
|
|a (093)
|2 MRF
|
| 080 |
|
|
|a (0:82-94)
|2 MRF
|
| 100 |
1 |
|
|a Klen, Rudolf,
|d 1915-2006
|7 jk01060405
|4 aut
|
| 245 |
1 |
0 |
|a Vryté do paměti :
|b shromaždiště /
|c Rudolf Klen, Petr Narwa
|
| 246 |
3 |
0 |
|a Shromaždiště
|
| 250 |
|
|
|a Vyd. 1.
|
| 260 |
|
|
|a Praha :
|b Faun,
|c 2004
|
| 300 |
|
|
|a 87 s. :
|b il., portréty ;
|c 20 cm
|
| 504 |
|
|
|a Obsahuje bibliografické odkazy
|
| 546 |
|
|
|a Anglické a německé resumé
|
| 648 |
|
7 |
|a 1939-1945
|7 ch460653
|2 czenas
|
| 650 |
0 |
7 |
|a deportace Židů
|7 ph198683
|z Československo
|y 1939-1945
|2 czenas
|
| 650 |
0 |
7 |
|a Židé
|7 ph127782
|x perzekuce
|2 czenas
|
| 650 |
0 |
7 |
|a holocaust, 1939-1945
|7 ph117203
|2 czenas
|
| 655 |
|
7 |
|a sborníky
|7 fd163935
|2 czenas
|
| 655 |
|
7 |
|a prameny
|7 fd131865
|2 czenas
|
| 655 |
|
7 |
|a vzpomínky
|7 fd133830
|2 czenas
|
| 700 |
1 |
|
|a Narwa, Petr,
|d 1955-
|7 jo2002105918
|4 aut
|
| 856 |
4 |
1 |
|u http://www.digitalniknihovna.cz/mzk/uuid/uuid:9d766f40-9486-11e3-a744-005056827e52
|y Digitalizovaný dokument
|x NDK
|
| 910 |
|
|
|a BOA001
|b 2-1215.129
|b KPB-0001.041
|
| 990 |
|
|
|a BK
|
| 991 |
|
|
|b 200812
|c NOV
|
| 901 |
|
|
|b 9788086275208
|f 1. vyd.
|o 20050214
|
| 996 |
6 |
|
|b 2610360880
|c 2-1215.129
|l MZK
|r Sklad / do 1 hodiny
|n 5
|p kup
|w 000922672
|u 000010
|a 1
|e BOA001
|j MZK50
|s P
|
| 996 |
7 |
|
|b 2610385560
|c 2-1215.129
|l MZK
|r Sklad / do 1 hodiny
|n 11
|p p.v.
|w 000922672
|u 000020
|a 1
|e BOA001
|j MZK50
|s A
|